| 000 | 00943nam a2200229 a 4500 | ||
|---|---|---|---|
| 001 | 000007082 | ||
| 005 | 20240305095107.0 | ||
| 008 | 090904s1994 dr d 000 0 spa d | ||
| 040 |
_aDO-SdBNP _bspa _cBNPHU |
||
| 082 |
_a382.6 _bD238s |
||
| 100 | 1 |
_aDauhajre, Andrés _96000 |
|
| 245 | 1 | 0 |
_aSesgo anti-exportador y promoción de exportaciones en la Republica Dominicana / _cAndres Dauhajre ; presentación Héctor Valdéz Albizu. |
| 260 |
_aSanto Domingo : _bBanco Central de la República Dominicana, _c1994. |
||
| 300 |
_ax, 125 p. : _bdiagr. ; _c23 cm. |
||
| 500 | _aincluye referencias bibliográficas y notas al pie de las páginas | ||
| 590 | _aInventariado, 2018/VM | ||
| 650 | 4 |
_aExportaciones _zRepública Dominicana _919683 |
|
| 651 | 4 |
_aRepública Dominicana _xComercio Exterior _97912 |
|
| 650 | 4 |
_aPromoción de exportación _919684 |
|
| 700 | 1 | 2 |
_aValdez Albizu, Héctor, _d1947- _912322 |
| 910 | _aValidado. Control de calidad MFF | ||
| 999 |
_c6865 _d6865 |
||